000 00631nam a2200277Ia 4500
005 20260324114930.0
008 008 260324s9999 xx 000 0 eng d
020 _a9780367822767
037 _aEBOOK
040 _aCRL
040 _beng
040 _cCRL
041 _2eng
041 _aeng
084 _qCRL
100 _aGavin Powell
_91148442
245 0 _aDatabase Modeling Step by Step
260 _bTaylor and Francis
260 _c2020
365 _a
365 _b360
856 _uhttp://www.taylorfrancis.com/books/9780367822767
942 _cEBOOK
999 _c1743209
_d1743209